书目信息 |
| 题名: |
药物安全性评价
|
|
| 作者: | 美谢恩 C.加德 编著 ;张舒 , 李毅民 , 范玉明 译 | |
| 分册: | ||
| 出版信息: | 北京 化学工业出版社 2006 |
|
| 页数: | ||
| 开本: | 26cm | |
| 丛书名: | ||
| 单 册: | ||
| 中图分类: | R965.3 | |
| 科图分类: | ||
| 主题词: | 药理学 | |
| 电子资源: | ||
| ISBN: | 7-5025-7087-X | |
| 000 | 00725nam0 2200217 450 | |
| 001 | 0754114953 | |
| 005 | 20070929150154.95 | |
| 010 | @a7-5025-7087-X | |
| 100 | @a20070929d km y0chiy0120 ea | |
| 101 | 0 | @achi |
| 200 | 1 | @a药物安全性评价@Ayao wu an quan xing ping jia@f[美]谢恩 C.加德 编著@F[mei]xie en C.jia de bian zhu@g范玉明,李毅民,张舒 等译@Gfan yu ming,li yi min,zhang shu deng yi |
| 210 | @a北京@c化学工业出版社@d2006 | |
| 215 | @c插图@d26cm | |
| 606 | 0 | @a药理学 |
| 690 | @aR965.3@v3 | |
| 701 | 0 | @a美谢恩 C.加德@Amei xie en C.jia de@4编著 |
| 702 | 0 | @a张舒@Azhang shu@4译 |
| 702 | 0 | @a李毅民@Ali yi min@4译 |
| 702 | 0 | @a范玉明@Afan yu ming@4译 |
| 801 | 0 | @aCN@bPFT@c20070929 |
| 905 | @a213230@dR965.3@eh35@f1 | |
| 药物安全性评价/[美]谢恩 C.加德 编著/范玉明,李毅民,张舒 等译.-北京:化学工业出版社,2006 |
| 插图;26cm |
| ISBN 7-5025-7087-X: |
| ● |
| 相关链接 |
|
|
|
|
正题名:药物安全性评价
索取号:R965.3/h35
 
预约/预借
| 序号 | 登录号 | 条形码 | 馆藏地/架位号 | 状态 | 备注 |
| 1 | 6002379 | 260023799 | 密集书库-化学系/ [索取号:R965.3/h35] | 在馆 |